|
|
|
|
| LEADER |
01609nam a2200409 a 4500 |
| 001 |
000277985 |
| 003 |
CZ BrMZK |
| 005 |
20250903124246.0 |
| 007 |
ta |
| 008 |
980115s1998 xr e p 0 cze d |
| 015 |
|
|
|a cnb000303046
|
| 020 |
|
|
|a 80-7067-793-7
|
| 035 |
|
|
|a (OCoLC)39316995
|
| 040 |
|
|
|a BOA001
|b cze
|
| 072 |
|
7 |
|a 37.09
|x Organizace výuky a vzdělávání
|2 Konspekt
|9 22
|
| 072 |
|
7 |
|a 37.016
|x Učební osnovy. Vyučovací předměty. Učebnice
|2 Konspekt
|9 22
|
| 080 |
|
|
|a 377
|2 MRF
|
| 080 |
|
|
|a 377.8-027.22
|2 MRF
|
| 080 |
|
|
|a 37.011.3-051-028.31
|2 MRF
|
| 080 |
|
|
|a (075.8)
|2 MRF
|
| 100 |
1 |
|
|a Podlahová, Libuše,
|d 1943-
|7 ola2002142310
|4 aut
|
| 245 |
1 |
0 |
|a Pedagogická praxe :
|b (průvodce pro současné studenty a budoucí učitele) /
|c Libuše Podlahová
|
| 250 |
|
|
|a 1. vyd.
|
| 260 |
|
|
|a Olomouc :
|b Vydavatelství Univerzity Palackého,
|c 1998
|
| 300 |
|
|
|a 66 s. ;
|c 21 cm
|
| 500 |
|
|
|a Určeno pro posl. učit. směrů
|
| 504 |
|
|
|a Obsahuje bibliografii
|
| 650 |
0 |
7 |
|a profesní příprava
|7 ph134694
|2 czenas
|
| 650 |
0 |
7 |
|a pedagogická praxe
|7 ph124011
|2 czenas
|
| 650 |
0 |
7 |
|a začínající učitelé
|7 ph1019110
|2 czenas
|
| 655 |
|
7 |
|a učebnice vysokých škol
|7 fd133772
|2 czenas
|
| 710 |
2 |
|
|a Univerzita Palackého.
|b Pedagogická fakulta
|7 kn20010709375
|
| 910 |
|
|
|a BOA001
|b 2-1041.414
|b PK-0130.132
|
| 920 |
|
|
|a 000322570
|
| 990 |
|
|
|a BK
|
| 996 |
6 |
|
|b 2610065097
|c 2-1041.414
|l MZK
|r Sklad / do 1 hodiny
|n 25
|p p.v. ; nelze digi.
|w 000277985
|u 000010
|a 1
|e BOA001
|j MZK50
|s P
|
| 996 |
7 |
|
|b 3119012901
|c PK-0130.132
|l MZK
|r Sklad / do 1 hodiny
|n 36
|p kup
|w 000277985
|u 000020
|a 1
|e BOA001
|j MZK50
|s A
|